000 00340nam a2200145Ia 4500
100 _aHannah/ J./ Hillier/M.J.
942 _cBK
654 _aApplied Mechanics
245 _aApplied Mechanics
260 _bEnglish language book society
_aHong Kong
_c1992
082 _a620.1
_bHan/Hil
300 _a512
546 _aENGLISH
999 _c19302
_d19302